| 000 | 00793cab a2200253 4500 | ||
|---|---|---|---|
| 001 | WB2926-32 | ||
| 008 | 090401t1993 xxu||||| |||| 00| 0 eng d | ||
| 035 | _a(Sirsi) u67881 | ||
| 041 | _aeng | ||
| 100 | _aEvans, D. | ||
| 245 | _aGreen belt - a lung or a noose? | ||
| 260 | _c1993 | ||
| 350 | _a0 | ||
| 490 |
_aCSW - The Property Week _v44(2) 8 July 1993, 58(1) |
||
| 520 | _aWith the revised draft PPG2 at an advanced stage this article suggests a reappraisal of the green belt concept is necessary. | ||
| 650 | _aGREEN BELT | ||
| 650 | _aPLANNING CONTROL | ||
| 650 | _aPLANNING POLICY | ||
| 650 | _aPLANNING POLICY GUIDANCE NOTE 2 (GREEN BELTS) | ||
| 690 | _aENVIRONMENTAL AND LAND CONSULTANCY | ||
| 690 | _aPLANNING LAW AND PRACTICE | ||
| 942 | _n0 | ||
| 948 | _c04/03/1997 | ||
| 999 |
_c42530 _d42530 |
||